Каталог книг Японского информационного центра ДВГНБ, поступивших в 2001 году (Запись № 1115460)

Подробности
000 -МАРКЕР
контрольное поле 01693nam1a2200313 i 4500
001 - ИДЕНТИФИКАТОР ЗАПИСИ
контрольное поле RU\NLR\bibl\800795
005 - ИДЕНТИФИКАТОР ВЕРСИИ
контрольное поле 20260408161234.0
035 ## - ДРУГИЕ СИСТЕМНЫЕ НОМЕРА
Идентификатор записи (NLR Aleph) 000789967
100 ## - ДАННЫЕ ОБЩЕЙ ОБРАБОТКИ
Данные общей обработки 20050518g20029999u y0rusy50 ca
101 0# - ЯЗЫК РЕСУРСА
Язык текста, звукозаписи и т.д. русский
102 ## - СТРАНА ПУБЛИКАЦИИ ИЛИ ПРОИЗВОДСТВА
Страна публикации российская федерация
105 ## - ПОЛЕ КОДИРОВАННЫХ ДАННЫХ: ТЕКСТОВЫЕ МАТЕРИАЛЫ, МОНОГРАФИЧЕСКИЕ
Кодированные данные о монографическом текстовом документе ||||b |||||
200 1# - ЗАГЛАВИЕ И СВЕДЕНИЯ ОБ ОТВЕТСТВЕННОСТИ
Основное заглавие Каталог книг Японского информационного центра ДВГНБ, поступивших в 2001 году
Первые сведения об ответственности Дальневост. гос. науч. б-ка
Последующие сведения об ответственности [редкол.: Л.А. Рекуш (сост.), ... Т.В. Кузнецова (гл. ред.) и др.]
210 ## - ПУБЛИКАЦИЯ, РАСПРОСТРАНЕНИЕ И ДР.
Место издания, распространения и т.д. Хабаровск
Имя издателя, распространителя и т. д. Импульс-Восток ВТ
Дата издания, распространения и т.д. 2002
215 ## - ФИЗИЧЕСКАЯ ХАРАКТЕРИСТИКА
Размеры 21
463 #0 - УРОВЕНЬ ФИЗИЧЕСКОЙ ЕДИНИЦЫ
Встроенное поле 001742885
601 02 - НАИМЕНОВАНИЕ ОРГАНИЗАЦИИ КАК ПРЕДМЕТ
Начальный элемент ввода Дальневосточная государственная научная библиотека
Структурное подразделение организации Японский информационный центр
Идентифицирующий признак Хабаровск, город
Формальный подзаголовок Каталоги
Системный номер авторитетной/нормативной записи 2381133
Идентификатор авторитетной/нормативной записи RU\NLR\auth\661420670
606 ## - НАИМЕНОВАНИЕ ТЕМЫ КАК ПРЕДМЕТ
Наименование темы Японоведение
Формальный подзаголовок Библиография
Идентификатор авторитетной/нормативной записи RU\NLR\auth\66267188
Системный номер авторитетной/нормативной записи 1383274
686 ## - ИНДЕКСЫ ДРУГИХ КЛАССИФИКАЦИЙ
Индекс Я181(2)22
686 ## - ИНДЕКСЫ ДРУГИХ КЛАССИФИКАЦИЙ
Индекс Т3(5Я)я18
702 #1 - ИМЯ ЛИЦА - ВТОРИЧНАЯ ОТВЕТСТВЕННОСТЬ
Начальный элемент ввода Рекуш
Часть имени, кроме начального элемента ввода Л. А.
Код отношения Составитель
702 #1 - ИМЯ ЛИЦА - ВТОРИЧНАЯ ОТВЕТСТВЕННОСТЬ
Код отношения Редактор
Материалы, к которым относится поле rus
Графика поля Кириллица
Начальный элемент ввода Кузнецова
Часть имени, кроме начального элемента ввода Т. В.
Дополнения к именам, кроме дат канд. ист. наук
Расширение инициалов личного имени Татьяна Валентиновна
Идентификатор авторитетной/нормативной записи RU\NLR\auth\7745753
Системный номер авторитетной/нормативной записи 28688
711 02 - НАИМЕНОВАНИЕ ОРГАНИЗАЦИИ - АЛЬТЕРНАТИВНАЯ ОТВЕТСТВЕННОСТЬ
Начальный элемент ввода Дальневосточная государственная научная библиотека
Идентифицирующий признак Хабаровск
Структурное подразделение Японский информационный центр
Идентификатор авторитетной/нормативной записи RU\NLR\AUTH\8810064001
Системный номер авторитетной/нормативной записи 629588
801 #0 - ИСТОЧНИК ЗАПИСИ
Страна российская федерация
Организация NLR
Дата составления 20050518
Правила каталогизации rcr
801 #1 - ИСТОЧНИК ЗАПИСИ
Страна российская федерация
Организация NLR
Дата составления 20050518
852 ## - МЕСТОНАХОЖДЕНИЕ И ШИФР ХРАНЕНИЯ
Идентификатор организации NLR
Шифр хранения (Call Number) С 2005-2/130
942 ## - ДОПОЛНИТЕЛЬНЫЕ ЭЛЕМЕНТЫ ЗАПИСИ (АБИС)
Тип экземпляра АБИС Книга

Нет доступных экземпляров.